000 00598nam a2200217 a 4500
001 12521
003 CO-ViMGA
008 141112s2004 ck r 000 u spa d
020 _a8425321662
040 _aCO-ViMGA
_bspa
_cCO-ViMGA
082 0 4 _a597.6 C16g
100 1 _aCapula, Massimo
_918051
245 1 0 _aGuia de Anfibios y reptiles
250 _a1
260 _aBarcelona :
_bGrijalbo,
_c1988
300 _a256p. : il. color
590 _aForma de adquisición : COMPRA - - Precio : 45.000 - - Proveedor : FIS
650 1 4 _aANFIBIOS
_918052
650 1 4 _aREPTILES
_918053
942 _2ddc
_cBK
999 _c23517
_d23517